| 000 | 00578nam a2200169 i 4500 | ||
|---|---|---|---|
| 001 | 43773 | ||
| 003 | ES-MaACL | ||
| 005 | 20230906160855.0 | ||
| 007 | t| | ||
| 008 | 030318s1966 sp ||||1| spa d | ||
| 100 | 1 |
_aCervia, Adriano. _937659 |
|
| 245 | 1 | 3 |
_aEl libro de Gana _b: reflexiones acerca de la santidad del Sacramento del Matrimonio / _cAdriano Cervia ; [versión Pedro Mª de Iraolagoitia]. |
| 260 |
_aBilbao : _bMensajero, _c1966. |
||
| 300 |
_a130 p., 4 lám. ; _c19 cm. |
||
| 700 | 1 |
_aIraolagoitia, Pedro María de. _965421 |
|
| 852 |
_aES-MaACL _jC-29907 _bR.60306 |
||
| 999 |
_c43773 _d43773 |
||